[Event "IECC CL3-2019.03 email"]
[Site "IECC email"]
[Date "2019.07.05"]
[Round "?"]
[White "Bertel, Michael"]
[Black "Martins, Karin"]
[Result "0-1"]
[WhiteElo "1844"]
[BlackElo "2069"]
[PlyCount "92"]
[EventDate "2019.??.??"]
[EventType "tourn (corr)"]
[EventRounds "4"]
[SourceTitle "Corr 2024"]
[Source "ChessBase"]
[SourceDate "2023.10.19"]
[SourceVersion "1"]
[SourceVersionDate "2023.10.19"]
[SourceQuality "1"]
[WhiteTeam "Vereinigte Staaten"]
[BlackTeam "Deutschland"]
[WhiteTeamCountry "USA"]
[BlackTeamCountry "GER"]

1. e4 e5 2. Nf3 Nc6 3. Bb5 a6 4. Bxc6 dxc6 5. 0-0 f6 6. d4 exd4 7. Nxd4 c5 8. Nb3 Qxd1 9. Rxd1 Bg4 10. f3 Be6 11. Nc3 Bd6 12. Be3 b6 13. a4 a5 14. Nb5 0-0-0 15. Rd2 Be7 16. Rad1 Rxd2 17. Rxd2 g5 18. h4 Nh6 19. hxg5 fxg5 20. Bf2 Nf7 21. Bg3 c6 22. Nc7 Bxb3 23. cxb3 Rd8 24. Rxd8+ Bxd8 25. Ne6 Bf6 26. Kf2 Bxb2 27. Ke2 h6 28. Kd2 Be5 29. Bxe5 Nxe5 30. Ng7 Kd7 31. Nf5 h5 32. Ne3 b5 33. Kc3 h4 34. Kc2 Ke6 35. Kc3 Ng6 36. axb5 cxb5 37. Nd5 Ke5 38. Kb2 Kd4 39. Kc2 Nf4 40. Nxf4 gxf4 41. Kb2 b4 42. Kc1 c4 43. bxc4 Kxc4 44. Kb1 a4 45. e5 Kd5 46. e6 Kxe6 0-1

[Event "IECC 2018-3.02"]
[Site "IECC email"]
[Date "2019.03.03"]
[Round "?"]
[White "Bertel, Michael"]
[Black "Kasznia, Ireneusz"]
[Result "0-1"]
[WhiteElo "1898"]
[BlackElo "2139"]
[PlyCount "122"]
[EventDate "2019.??.??"]
[EventType "tourn (corr)"]
[SourceTitle "Corr 2024"]
[Source "ChessBase"]
[SourceDate "2023.10.19"]
[SourceVersion "1"]
[SourceVersionDate "2023.10.19"]
[SourceQuality "1"]
[WhiteTeam "Vereinigte Staaten"]
[BlackTeam "Polen"]
[WhiteTeamCountry "USA"]
[BlackTeamCountry "POL"]

1. c4 g6 2. Nf3 Bg7 3. d4 Nf6 4. Nc3 0-0 5. e4 d6 6. Be2 e5 7. 0-0 exd4 8. Nxd4 Nc6 9. Be3 Nxd4 10. Bxd4 Re8 11. f3 b6 12. Qd2 Bb7 13. Rad1 a5 14. b3 Nd7 15. Nd5 Bxd4+ 16. Qxd4 Bxd5 17. cxd5 f5 18. Bb5 fxe4 19. fxe4 Re5 20. Rf4 Nc5 21. Bd3 Qe7 22. Re1 Rf8 23. Rxf8+ Qxf8 24. Bc2 Re7 25. a3 Nd7 26. Qc3 Qg7 27. Qxc7 Qd4+ 28. Kh1 Rf7 29. Bb1 Qf2 30. Rg1 Qc5 31. Qxc5 bxc5 32. Rc1 Rf2 33. Kg1 Rd2 34. Bc2 Kg7 35. h3 h5 36. Bb1 Ne5 37. Bc2 h4 38. Kf1 Kf6 39. b4 axb4 40. axb4 cxb4 41. Bd1 Rb2 42. Rc2 Rxc2 43. Bxc2 Kg5 44. Ke1 Kf4 45. Kf2 Nd7 46. Ke1 Kg3 47. Kf1 Ne5 48. Kg1 g5 49. Kf1 Nd7 50. Bd1 Kf4 51. Bf3 Ke3 52. Ke1 Ne5 53. Bh5 Kxe4 54. Bd1 Kxd5 55. Bc2 Kc4 56. Kd2 d5 57. Bh7 b3 58. Bg8 Nd7 59. Bh7 Nc5 60. Bb1 Ne4+ 61. Ke3 Kc3 0-1

[Event "IECC CL3-2018.05 email"]
[Site "IECC email"]
[Date "2018.12.25"]
[Round "?"]
[White "Bertel, Michael"]
[Black "Hargreaves, Richard"]
[Result "1-0"]
[WhiteElo "1922"]
[BlackElo "1752"]
[PlyCount "95"]
[EventDate "2018.??.??"]
[EventType "tourn (corr)"]
[EventRounds "4"]
[SourceTitle "Corr 2020"]
[Source "ChessBase"]
[SourceDate "2019.09.30"]
[SourceVersion "1"]
[SourceVersionDate "2019.09.30"]
[SourceQuality "1"]
[WhiteTeam "United States"]
[BlackTeam "England"]
[WhiteTeamCountry "USA"]
[BlackTeamCountry "ENG"]

1. e4 e5 2. Nf3 d6 3. Nc3 Nf6 4. d4 exd4 5. Nxd4 Be7 6. Bb5+ c6 7. Be2 0-0 8. 0-0 c5 9. Nb3 Nc6 10. Be3 Be6 11. f4 Re8 12. Bf3 Qd7 13. Re1 Bg4 14. h3 Bxf3 15. Qxf3 a6 16. Bf2 Qc7 17. Re2 b5 18. Rae1 Nd7 19. Nd5 Qc8 20. Nxe7+ Rxe7 21. Rd2 c4 22. Nd4 Nf6 23. Nf5 Rxe4 24. Rxe4 Qxf5 25. Ree2 Qd7 26. Bh4 Ne8 27. Re7 Nxe7 28. Qxa8 Qc8 29. Qxc8 Nxc8 30. b3 cxb3 31. axb3 f6 32. c3 Kf7 33. f5 Ne7 34. g4 g6 35. Ra2 Nc7 36. Bg3 Nc8 37. fxg6+ hxg6 38. h4 Kf8 39. c4 bxc4 40. bxc4 f5 41. gxf5 gxf5 42. c5 Ne8 43. Rxa6 dxc5 44. h5 Ne7 45. h6 Ng8 46. h7 Kg7 47. Ra7+ Kh8 48. Be5+ 1-0

[Event "IECC CL3-2018.05 email"]
[Site "IECC email"]
[Date "2018.12.25"]
[Round "?"]
[White "Martins, Karin"]
[Black "Bertel, Michael"]
[Result "1-0"]
[WhiteElo "1908"]
[BlackElo "1945"]
[PlyCount "63"]
[EventDate "2018.??.??"]
[EventType "tourn (corr)"]
[EventRounds "4"]
[SourceTitle "Corr 2020"]
[Source "ChessBase"]
[SourceDate "2019.09.30"]
[SourceVersion "1"]
[SourceVersionDate "2019.09.30"]
[SourceQuality "1"]
[WhiteTeam "Germany"]
[BlackTeam "United States"]
[WhiteTeamCountry "GER"]
[BlackTeamCountry "USA"]

1. e4 e5 2. Nf3 Nf6 3. Nc3 Nc6 4. Bb5 Bc5 5. 0-0 0-0 6. Nxe5 Nxe5 7. d4 Bd6 8. f4 Neg4 9. e5 Bb4 10. f5 Re8 11. Nd5 Nxd5 12. Qxg4 f6 13. Bc4 c6 14. Bh6 Bf8 15. Rae1 Kh8 16. Bxd5 cxd5 17. exf6 gxf6 18. Bxf8 Rxf8 19. Qh5 d6 20. Rf3 Rg8 21. Rh3 Qd7 22. Rg3 Rf8 23. Re6 Qc7 24. Re8 Bxf5 25. Rxa8 Rxa8 26. Qxf5 Qf7 27. Re3 Qg6 28. Qe6 b6 29. Rf3 f5 30. Qxf5 Re8 31. Kf2 Kg7 32. Qf6+ 1-0

[Event "IECC TH-M-3159"]
[Site "IECC email"]
[Date "2017.06.18"]
[Round "?"]
[White "Bertel, Michael"]
[Black "Blittkowsky, Ralf"]
[Result "0-1"]
[WhiteElo "1891"]
[BlackElo "1995"]
[PlyCount "142"]
[EventDate "2017.??.??"]
[EventType "tourn (corr)"]
[SourceTitle "Corr 2020"]
[Source "ChessBase"]
[SourceDate "2019.09.30"]
[SourceVersion "1"]
[SourceVersionDate "2019.09.30"]
[SourceQuality "1"]
[WhiteTeam "United States"]
[BlackTeam "Germany"]
[WhiteTeamCountry "USA"]
[BlackTeamCountry "GER"]

1. d4 f5 2. c4 Nf6 3. g3 g6 4. Bg2 Bg7 5. Nf3 0-0 6. Nc3 d6 7. 0-0 e6 8. Bg5 h6 9. Be3 Qe8 10. Qc1 Kh7 11. Qc2 a6 12. Rad1 e5 13. dxe5 dxe5 14. Ne1 Nc6 15. Nd3 Rf7 16. Nd5 g5 17. Nc5 a5 18. Na4 Nb4 19. Qb3 e4 20. Nxf6+ Bxf6 21. Nc3 Bxc3 22. bxc3 Nc6 23. Rfe1 Rb8 24. Qb5 Bd7 25. f4 g4 26. h3 gxh3 27. Bxh3 Be6 28. Bf2 a4 29. Kh2 Ra8 30. Qxb7 Na5 31. Qb5 c6 32. Qb1 Nxc4 33. Qc2 e3 34. Bg1 Kh8 35. Rd3 Bd5 36. Rxd5 cxd5 37. Bxf5 Rg7 38. Qd3 Qh5+ 39. Bh3 Re8 40. Qf5 Qxf5 41. Bxf5 Rb7 42. Ra1 Rb2 43. Bd3 h5 44. Kh3 Kg7 45. Kh4 Nd6 46. g4 hxg4 47. Kxg4 Nc4 48. Bh2 Rh8 49. Bg3 Kf7 50. f5 Rg8+ 51. Kf3 Nd2+ 52. Kf4 a3 53. Bh2 Rg2 54. Bg3 Ne4 55. Bh4 Nc5 56. Kf3 Rh2 57. Bg3 Rh3 58. Kg4 Rh8 59. Rd1 Rxa2 60. Bb5 Ne4 61. Bc6 Rd2 62. Ra1 Nxg3 63. Kxg3 Rc8 64. Bb5 Rxc3 65. Kf4 a2 66. Ke5 Rb3 67. Bc6 Kf8 68. Bxd5 Rb5 69. Ke4 Rbxd5 70. Rxa2 Rxa2 71. Kxd5 Rxe2 0-1

[Event "IECC Swiss-576.4"]
[Site "IECC email"]
[Date "2017.03.31"]
[Round "?"]
[White "Bertel, Michael"]
[Black "Balmelle, Jean Luc"]
[Result "1-0"]
[WhiteElo "1868"]
[BlackElo "1687"]
[PlyCount "45"]
[EventDate "2017.??.??"]
[EventType "swiss (corr)"]
[EventRounds "1"]
[SourceTitle "Corr 2020"]
[Source "ChessBase"]
[SourceDate "2019.09.30"]
[SourceVersion "1"]
[SourceVersionDate "2019.09.30"]
[SourceQuality "1"]
[WhiteTeam "United States"]
[BlackTeam "France"]
[WhiteTeamCountry "USA"]
[BlackTeamCountry "FRA"]

1. e4 e6 2. Nf3 d5 3. Nc3 Nf6 4. e5 Nfd7 5. d4 c5 6. dxc5 Nc6 7. Bg5 Qa5 8. a3 Ndxe5 9. Nxe5 Nxe5 10. b4 Qc7 11. Bb5+ Nc6 12. 0-0 Be7 13. Bxe7 Qxe7 14. Re1 0-0 15. Nxd5 Qd8 16. Ne3 Qf6 17. Bxc6 bxc6 18. Qd6 Bb7 19. Qc7 Rab8 20. Nc4 Rfc8 21. Qa5 Qc3 22. Nd6 Rf8 23. Qxa7 1-0

[Event "IECC Swiss-576.1"]
[Site "IECC email"]
[Date "2015.10.12"]
[Round "?"]
[White "Bertel, Michael"]
[Black "Lixa, Alberto"]
[Result "1-0"]
[WhiteElo "1826"]
[BlackElo "1706"]
[PlyCount "95"]
[EventDate "2015.??.??"]
[EventType "swiss (corr)"]
[EventRounds "1"]
[SourceTitle "Corr 2020"]
[Source "ChessBase"]
[SourceDate "2019.09.30"]
[SourceVersion "1"]
[SourceVersionDate "2019.09.30"]
[SourceQuality "1"]
[WhiteTeam "United States"]
[BlackTeam "Portugal"]
[WhiteTeamCountry "USA"]
[BlackTeamCountry "POR"]

1. e4 c5 2. Nc3 e6 3. Nf3 a6 4. d4 cxd4 5. Nxd4 Nc6 6. Be2 Qc7 7. Be3 Nf6 8. 0-0 Be7 9. f4 d6 10. Qe1 0-0 11. Rd1 Bd7 12. Qg3 b5 13. e5 Ne8 14. exd6 Bxd6 15. Ne4 Be7 16. Nb3 Nb4 17. c3 Nd5 18. Bd4 Rd8 19. Bd3 f5 20. Nec5 Ndf6 21. Nxa6 Qc6 22. Nb4 Qc8 23. Rfe1 Rf7 24. Bb1 Qc7 25. Nd3 Nd5 26. Ne5 Rf8 27. Qf3 Nef6 28. Nxd7 Qxd7 29. Bd3 Ne8 30. Nc5 Bxc5 31. Bxc5 Nd6 32. Qf2 g6 33. a4 bxa4 34. c4 Ne7 35. Be2 Nec8 36. Bxd6 Nxd6 37. c5 Ne4 38. Rxd7 Nxf2 39. Rxd8 Nh3+ 40. gxh3 Rxd8 41. Bc4 Rd2 42. Rc1 Kf7 43. c6 Rd8 44. c7 Ra8 45. Re1 Ke7 46. Bxe6 Kd6 47. c8Q Rxc8 48. Bxc8 1-0

[Event "IECC CL3-2015.02 email"]
[Site "IECC email"]
[Date "2015.06.19"]
[Round "?"]
[White "Rodrigues, Paulo Odonel"]
[Black "Bertel, Michael"]
[Result "1/2-1/2"]
[WhiteElo "1954"]
[BlackElo "1822"]
[PlyCount "84"]
[EventDate "2015.??.??"]
[EventType "tourn (corr)"]
[EventRounds "4"]
[SourceTitle "Corr 2020"]
[Source "ChessBase"]
[SourceDate "2019.09.30"]
[SourceVersion "1"]
[SourceVersionDate "2019.09.30"]
[SourceQuality "1"]
[WhiteTeam "Brazil"]
[BlackTeam "United States"]
[WhiteTeamCountry "BRA"]
[BlackTeamCountry "USA"]

1. d4 d5 2. c4 e6 3. Nc3 Nf6 4. Nf3 c5 5. cxd5 cxd4 6. Qxd4 exd5 7. Bg5 Nc6 8. Bxf6 Nxd4 9. Bxd8 Nxf3+ 10. exf3 Kxd8 11. 0-0-0 Bd6 12. Rxd5 Ke7 13. Bc4 Rd8 14. Rd4 Bf5 15. Re1+ Kf8 16. g4 Bg6 17. Red1 Be7 18. Rxd8+ Rxd8 19. Rxd8+ Bxd8 20. Bd5 b6 21. Be4 Bh4 22. Bxg6 hxg6 23. Ne4 Ke7 24. h3 f5 25. Ng3 Ke6 26. f4 Be7 27. Kc2 b5 28. Kd3 Bc5 29. f3 a6 30. Ne2 Kd5 31. Nc3+ Kc6 32. Ne2 Kd5 33. Nc3+ Kc6 34. Kd2 b4 35. Ne2 Kd5 36. Nc1 a5 37. Nd3 Bd6 38. Ke3 Bb8 39. Nc1 Kc4 40. Nd3 Kd5 41. Nc1 Kc4 42. Nd3 Kd5 1/2-1/2

[Event "IECC CL4-2015.03 email"]
[Site "IECC email"]
[Date "2015.05.21"]
[Round "?"]
[White "Keiper, Archie"]
[Black "Bertel, Michael"]
[Result "1/2-1/2"]
[WhiteElo "1801"]
[BlackElo "1853"]
[PlyCount "99"]
[EventDate "2015.??.??"]
[EventType "tourn (corr)"]
[EventRounds "4"]
[SourceTitle "Corr 2020"]
[Source "ChessBase"]
[SourceDate "2019.09.30"]
[SourceVersion "1"]
[SourceVersionDate "2019.09.30"]
[SourceQuality "1"]
[WhiteTeam "United States"]
[BlackTeam "United States"]
[WhiteTeamCountry "USA"]
[BlackTeamCountry "USA"]

1. e4 e5 2. Nf3 Nc6 3. d4 exd4 4. c3 Nf6 5. e5 Nd5 6. cxd4 d6 7. Bb5 Be7 8. Nc3 Nxc3 9. bxc3 a6 10. Be2 dxe5 11. d5 e4 12. dxc6 exf3 13. Bxf3 Qxd1+ 14. Kxd1 b6 15. Bf4 Ra7 16. Re1 Be6 17. Kc2 0-0 18. Kb2 Re8 19. Rad1 Kf8 20. Rd7 Bxd7 21. cxd7 Rb8 22. g4 g5 23. Bg3 b5 24. Be5 a5 25. Bc6 Rd8 26. f4 f6 27. Bd4 Ra6 28. Bxb5 Raa8 29. Kc2 gxf4 30. g5 fxg5 31. Re5 Bd6 32. Rxg5 Rab8 33. Bc6 Ke7 34. Rg7+ Ke6 35. Rxh7 Rf8 36. c4 Be7 37. Kd3 Bf6 38. Rh6 Ke7 39. Bc5+ Kf7 40. Rh7+ Kg8 41. Rh5 Rf7 42. Ke4 Kg7 43. Rf5 Rd8 44. Kxf4 Kg6 45. Ke4 Rh7 46. Rf4 Be7 47. Bg1 Bf6 48. c5 Rhxd7 49. Rg4+ Kf7 50. Bxd7 1/2-1/2

[Event "IECC CL4-2015.01 email"]
[Site "IECC email"]
[Date "2015.02.11"]
[Round "?"]
[White "Bertel, Michael"]
[Black "Cabrera Trujillo, Claudio Tomas"]
[Result "1-0"]
[WhiteElo "1804"]
[BlackElo "1729"]
[PlyCount "97"]
[EventDate "2015.??.??"]
[EventType "tourn (corr)"]
[EventRounds "4"]
[SourceTitle "Corr 2020"]
[Source "ChessBase"]
[SourceDate "2019.09.30"]
[SourceVersion "1"]
[SourceVersionDate "2019.09.30"]
[SourceQuality "1"]
[WhiteTeam "United States"]
[BlackTeam "Chile"]
[WhiteTeamCountry "USA"]
[BlackTeamCountry "CHI"]

1. e4 e5 2. Nf3 Nc6 3. d4 exd4 4. Nxd4 Bc5 5. Nb3 Bb6 6. Nc3 Qh4 7. g3 Qf6 8. Qe2 Nge7 9. Nd5 Nxd5 10. exd5+ Ne7 11. Bg2 d6 12. Bd2 Bg4 13. f3 Bd7 14. Bc3 Qh6 15. Bd2 Qf6 16. 0-0-0 0-0-0 17. Bc3 Qh6+ 18. f4 Rde8 19. Qd3 Nf5 20. Be4 Ne3 21. Rde1 f5 22. Bf3 Ng4 23. Bxg4 fxg4 24. Qd2 Qg6 25. Ba5 Qf7 26. Bxb6 axb6 27. Qd4 Bf5 28. Kb1 Qg6 29. Qc4 Be4 30. Rhf1 Qf5 31. Nd4 Qxd5 32. Qxd5 Bxd5 33. Nf5 Bc4 34. Nxg7 Reg8 35. Nf5 Rf8 36. Ne7+ Kd7 37. Rh1 Be6 38. Re2 Re8 39. f5 Rxe7 40. fxe6+ Rxe6 41. Rxe6 Kxe6 42. h3 gxh3 43. Rxh3 Rf8 44. Kc1 Rf7 45. Kd2 Kf5 46. Rh4 Kg5 47. Ke3 h5 48. Rd4 Rf2 49. Kxf2 1-0

[Event "IECC CL4-2015.01 email"]
[Site "IECC email"]
[Date "2015.02.11"]
[Round "?"]
[White "Mongle, John"]
[Black "Bertel, Michael"]
[Result "0-1"]
[WhiteElo "1717"]
[BlackElo "1797"]
[PlyCount "52"]
[EventDate "2015.??.??"]
[EventType "tourn (corr)"]
[EventRounds "4"]
[SourceTitle "Corr 2020"]
[Source "ChessBase"]
[SourceDate "2019.09.30"]
[SourceVersion "1"]
[SourceVersionDate "2019.09.30"]
[SourceQuality "1"]
[WhiteTeam "United States"]
[BlackTeam "United States"]
[WhiteTeamCountry "USA"]
[BlackTeamCountry "USA"]

1. d4 d5 2. e4 dxe4 3. f3 e6 4. Nc3 Bb4 5. Be3 Nf6 6. a3 Bxc3+ 7. bxc3 Nd5 8. Qd2 0-0 9. fxe4 Qh4+ 10. Bf2 Qxe4+ 11. Ne2 Nb6 12. Be3 Nc4 13. Ng3 Qxe3+ 14. Qxe3 Nxe3 15. Bd3 Nxg2+ 16. Kf2 Nf4 17. Bb5 Nd5 18. c4 Nc3 19. Rhg1 a6 20. Nh5 axb5 21. Rxg7+ Kh8 22. Rag1 Nd7 23. Nf4 bxc4 24. Ke1 Rxa3 25. R1g3 Nf6 26. R7g5 Nfe4 0-1

[Event "IECC Swiss-569.4"]
[Site "IECC email"]
[Date "2015.01.14"]
[Round "?"]
[White "Hassan, Bill"]
[Black "Bertel, Michael"]
[Result "0-1"]
[WhiteElo "1671"]
[BlackElo "1812"]
[PlyCount "52"]
[EventDate "2015.??.??"]
[EventType "swiss (corr)"]
[EventRounds "1"]
[SourceTitle "Corr 2020"]
[Source "ChessBase"]
[SourceDate "2019.09.30"]
[SourceVersion "1"]
[SourceVersionDate "2019.09.30"]
[SourceQuality "1"]
[WhiteTeam "United States"]
[BlackTeam "United States"]
[WhiteTeamCountry "USA"]
[BlackTeamCountry "USA"]

1. d4 Nf6 2. c4 d5 3. Nf3 e6 4. g3 Be7 5. Bg2 0-0 6. 0-0 dxc4 7. Qc2 a6 8. Qxc4 b5 9. Qc2 Bb7 10. Bd2 Nc6 11. e3 Nb4 12. Bxb4 Bxb4 13. a3 Be7 14. Nbd2 Qb8 15. Rac1 Rc8 16. Nb3 Be4 17. Qe2 Qb6 18. Ne5 Bxg2 19. Kxg2 c5 20. dxc5 Bxc5 21. Qf3 Bd6 22. Nc6 Nd5 23. Nba5 Bf8 24. b4 Rc7 25. Ne5 Qd6 26. Nd3 Rac8 0-1

[Event "IECC CL4-2014.05 email"]
[Site "IECC email"]
[Date "2014.09.16"]
[Round "?"]
[White "Bertel, Michael"]
[Black "Keiper, Archie"]
[Result "1/2-1/2"]
[WhiteElo "1758"]
[BlackElo "1806"]
[PlyCount "100"]
[EventDate "2014.??.??"]
[EventType "tourn (corr)"]
[EventRounds "4"]
[SourceTitle "Corr 2020"]
[Source "ChessBase"]
[SourceDate "2019.09.30"]
[SourceVersion "1"]
[SourceVersionDate "2019.09.30"]
[SourceQuality "1"]
[WhiteTeam "United States"]
[BlackTeam "United States"]
[WhiteTeamCountry "USA"]
[BlackTeamCountry "USA"]

1. d4 d5 2. Bf4 e6 3. Nf3 c5 4. e3 cxd4 5. exd4 Bd7 6. c4 Bb4+ 7. Nc3 Ne7 8. Bd3 dxc4 9. Bxc4 Bc6 10. 0-0 0-0 11. Rc1 Bxc3 12. bxc3 Bd5 13. Bd3 Ng6 14. Be3 Nc6 15. Re1 Rc8 16. Ng5 h6 17. Nf3 f5 18. Qe2 e5 19. Nxe5 Ncxe5 20. dxe5 Nxe5 21. Bb1 Qd6 22. Bf4 Qg6 23. Bg3 Nc4 24. f3 Qc6 25. Rcd1 Rce8 26. Qd3 Rd8 27. Qd4 Rd7 28. Qf4 g5 29. Qc1 Rg7 30. Bd3 g4 31. Bxc4 Qxc4 32. Rd4 Qxa2 33. Qxh6 gxf3 34. Rd2 f4 35. Rxa2 fxg3 36. gxf3 gxh2+ 37. Kxh2 Bxa2 38. Rg1 Rxg1 39. Kxg1 Rf7 40. Kf2 Bb1 41. c4 Bf5 42. c5 Bd7 43. f4 a5 44. Qg5+ Kf8 45. Qd8+ Kg7 46. Qxa5 Rxf4+ 47. Ke3 Rf7 48. Qc3+ Kh7 49. Qb3 Re7+ 50. Kf4 Bc8 1/2-1/2

[Event "IECC CL4-2014.05 email"]
[Site "IECC email"]
[Date "2014.09.16"]
[Round "?"]
[White "Hargreaves, Richard"]
[Black "Bertel, Michael"]
[Result "0-1"]
[WhiteElo "1606"]
[BlackElo "1770"]
[PlyCount "68"]
[EventDate "2014.??.??"]
[EventType "tourn (corr)"]
[EventRounds "4"]
[SourceTitle "Corr 2020"]
[Source "ChessBase"]
[SourceDate "2019.09.30"]
[SourceVersion "1"]
[SourceVersionDate "2019.09.30"]
[SourceQuality "1"]
[WhiteTeam "England"]
[BlackTeam "United States"]
[WhiteTeamCountry "ENG"]
[BlackTeamCountry "USA"]

1. g3 e5 2. Nc3 d5 3. d4 exd4 4. Qxd4 Nf6 5. Bg5 Nc6 6. Qf4 Be6 7. 0-0-0 Bd6 8. Qf3 d4 9. Ne4 Be7 10. Bxf6 gxf6 11. e3 f5 12. Nc3 dxc3 13. Rxd8+ Rxd8 14. Qh5 cxb2+ 15. Kxb2 Bf6+ 16. Kb1 Nb4 17. a3 Na2 18. Bb5+ Ke7 19. Ne2 Rd6 20. e4 Rb6 21. a4 c6 22. f4 Re8 23. e5 Bh8 24. Rd1 cxb5 25. a5 Rc6 26. Qxh7 b4 27. g4 b3 28. Qh4+ f6 29. Qh7+ Bf7 30. cxb3 fxg4 31. Kxa2 fxe5 32. Ka3 Ra6 33. Qh4+ Bf6 34. Qxg4 Kf8 0-1

[Event "IECC CL4-2014.02 email"]
[Site "IECC email"]
[Date "2014.02.28"]
[Round "?"]
[White "Bertel, Michael"]
[Black "Chabert, Paul"]
[Result "1-0"]
[WhiteElo "1785"]
[BlackElo "1810"]
[PlyCount "33"]
[EventDate "2014.??.??"]
[EventType "tourn (corr)"]
[EventRounds "4"]
[SourceTitle "Corr 2020"]
[Source "ChessBase"]
[SourceDate "2019.09.30"]
[SourceVersion "1"]
[SourceVersionDate "2019.09.30"]
[SourceQuality "1"]
[WhiteTeam "United States"]
[BlackTeam "England"]
[WhiteTeamCountry "USA"]
[BlackTeamCountry "ENG"]

1. e4 c5 2. Nf3 d6 3. Bb5+ Bd7 4. Bxd7+ Qxd7 5. 0-0 Nf6 6. Nc3 Nc6 7. d4 cxd4 8. Nxd4 g6 9. Nxc6 bxc6 10. Bg5 Bg7 11. Qd2 Rb8 12. b3 Qe6 13. Rad1 Ng4 14. f3 Qe5 15. fxg4 Qxc3 16. Qf2 h5 17. Qxf7+ 1-0

[Event "IECC M1-2013.T082"]
[Site "IECC email"]
[Date "2013.10.27"]
[Round "?"]
[White "Basson, Heinrich"]
[Black "Bertel, Michael"]
[Result "1/2-1/2"]
[WhiteElo "1638"]
[BlackElo "1773"]
[PlyCount "57"]
[EventDate "2013.??.??"]
[EventType "match (corr)"]
[EventRounds "2"]
[SourceTitle "Corr 2020"]
[Source "ChessBase"]
[SourceDate "2019.09.30"]
[SourceVersion "1"]
[SourceVersionDate "2019.09.30"]
[SourceQuality "1"]
[WhiteTeam "South Africa"]
[BlackTeam "United States"]
[WhiteTeamCountry "RSA"]
[BlackTeamCountry "USA"]

1. d4 Nf6 2. c4 d5 3. cxd5 e6 4. Nc3 exd5 5. Nf3 Bb4 6. e3 Bf5 7. Bd3 Bxd3 8. Qxd3 Nc6 9. a3 Bxc3+ 10. Qxc3 0-0 11. 0-0 Ne4 12. Qb3 Qd6 13. Bd2 a5 14. Rfc1 Ra6 15. Rab1 Rb6 16. Qc2 Ra8 17. Be1 a4 18. Nd2 Nxd2 19. Bxd2 Rb3 20. Qf5 g6 21. Qg5 Kg7 22. Rc3 h6 23. Qg4 Rb6 24. Qh3 Re8 25. b4 axb3 26. Rbxb3 Rxb3 27. Rxb3 Ra8 28. e4 dxe4 29. Qxh6+ 1/2-1/2